<?xml version="1.0" encoding="UTF-8"?><?xml-stylesheet type="text/xsl" href="static/style.xsl"?><OAI-PMH xmlns="http://www.openarchives.org/OAI/2.0/" xmlns:xsi="http://www.w3.org/2001/XMLSchema-instance" xsi:schemaLocation="http://www.openarchives.org/OAI/2.0/ http://www.openarchives.org/OAI/2.0/OAI-PMH.xsd"><responseDate>2026-06-03T16:52:58Z</responseDate><request verb="GetRecord" identifier="oai:riuma.uma.es:10630/8098" metadataPrefix="marc">https://riuma.uma.es/rest/oai/request</request><GetRecord><record><header><identifier>oai:riuma.uma.es:10630/8098</identifier><datestamp>2026-02-03T12:33:50Z</datestamp><setSpec>com_10630_2254</setSpec><setSpec>col_10630_37959</setSpec></header><metadata><record xmlns="http://www.loc.gov/MARC21/slim" xmlns:dcterms="http://purl.org/dc/terms/" xmlns:doc="http://www.lyncode.com/xoai" xmlns:xsi="http://www.w3.org/2001/XMLSchema-instance" xsi:schemaLocation="http://www.loc.gov/MARC21/slim http://www.loc.gov/standards/marcxml/schema/MARC21slim.xsd">
   <leader>00925njm 22002777a 4500</leader>
   <datafield ind2=" " ind1=" " tag="042">
      <subfield code="a">dc</subfield>
   </datafield>
   <datafield ind2=" " ind1=" " tag="720">
      <subfield code="a">Salguero-Noguera, José Martín</subfield>
      <subfield code="e">author</subfield>
   </datafield>
   <datafield ind2=" " ind1=" " tag="720">
      <subfield code="a">Ramos-Cejudo, Juan</subfield>
      <subfield code="e">author</subfield>
   </datafield>
   <datafield ind2=" " ind1=" " tag="720">
      <subfield code="a">Estévez, Ana</subfield>
      <subfield code="e">author</subfield>
   </datafield>
   <datafield ind2=" " ind1=" " tag="260">
      <subfield code="c">2014-09-24</subfield>
   </datafield>
   <datafield ind2=" " ind1=" " tag="520">
      <subfield code="a">A la hora de comprender y explicar los desórdenes emocionales (principalmente, los trastornos de ansiedad y depresión), la mayor parte de los esfuerzos han estado centrados en describir las características y variables etiológicas de cada uno de estos desórdenes de forma separada; es lo que se conoce como una aproximación centrada en diagnósticos específicos. Aunque esta aproximación ha dado lugar a resultados muy positivos, tales como la creación de micro-modelos que han permitido mejorar nuestro conocimientos sobre trastornos específicos, así como impulsar su investigación y formas de intervención, esta perspectiva también plantea algunas desventajas. Entre ellas, y de forma destacada, resalta el hecho de que no permite explicar la alta comorbilidad que aparece entre los diferentes desórdenes emocionales. Por otra parte, cada vez son mayores las evidencias acerca de que diferentes factores psicológicos están implicados en los problemas emocionales de forma transdiagnóstica. En este sentido, diferentes autores han sugerido la necesidad de desarrollar propuestas teóricas que permitan explicar los problemas emocionales a un nivel transdiagnóstico. En base a una revisión de las principales variables cognitivas y conductuales transdiagnósticas a los problemas emocionales, en este trabajo se presentan las características principales del Modelo General de los Desórdenes Emocionales (MGDE). El MGDE se desarrolla con el objetivo de servir de marco teórico que permita comprender y guiar la investigación en el ámbito de los problemas emocionales desde una perspectiva integradora, así como para estimular nuevas formas de intervención que den cuenta de la comorbilidad entre los desórdenes emocionales</subfield>
   </datafield>
   <datafield ind1="8" ind2=" " tag="024">
      <subfield code="a">http://hdl.handle.net/10630/8098</subfield>
   </datafield>
   <datafield tag="653" ind2=" " ind1=" ">
      <subfield code="a">Trastornos afectivos</subfield>
   </datafield>
   <datafield tag="653" ind2=" " ind1=" ">
      <subfield code="a">Depresión mental</subfield>
   </datafield>
   <datafield ind2="0" ind1="0" tag="245">
      <subfield code="a">El modelo general de los desórdenes emocionales: Una visión integradora de los problemas emocionales</subfield>
   </datafield>
</record>
</metadata></record></GetRecord></OAI-PMH>